Original Republic of Texas Counties in 1836 with a Map - Statistics

General Stats
  • This quiz has been taken 254 times
  • The average score is 7 of 22
Answers on the Map
Answers color-coded by a green-red scale on the quiz's map according to % correct below.
 
Answer Stats
County % Correct
Austin
78%
Washington
53%
Jefferson
51%
Harrisburg
49%
Bexar
39%
Jackson
36%
Columbia
32%
Victoria
29%
Matagorda
27%
Bevil
26%
Goliad
25%
Liberty
24%
Red River
24%
Colorado
22%
Nacogdoches
21%
Refugio
21%
San Patricio
21%
San Augustine
19%
Gonzales
17%
Mina
17%
Teneha
17%
Milam
15%
No matching quizzes found
Score Distribution
Percent of People with Each Score
Percentile by Number Answered
Your Score History
You have not taken this quiz